Obras de Dino Buzzati. (Record no. 37664)
[ view plain ]
| 000 -LEADER | |
|---|---|
| campo de control de longitud fija | 01512nam a2200361 i 4500 |
| 001 - NÚMERO DE CONTROL | |
| campo de control | 37664 |
| 003 - IDENTIFICADOR DE NÚMERO DE CONTROL | |
| campo de control | ES-MaACL |
| 005 - FECHA Y HORA DE LA ÚLTIMA TRANSACCIÓN | |
| campo de control | 20240225063048.0 |
| 007 - CAMPO FIJO DE DESCRIPCIÓN FÍSICA--INFORMACIÓN GENERAL | |
| campo de control de longitud fija | t| |
| 008 - DATOS DE LONGITUD FIJA--INFORMACIÓN GENERAL | |
| campo de control de longitud fija | 030221s1959 sp ||||1| spa d |
| 100 0# - ENTRADA PRINCIPAL--NOMBRE DE PERSONA | |
| Nombre de persona | Buzzati, Dino, |
| Fechas asociadas al nombre | 1906-1972 |
| 9 (RLIN) | 33002 |
| 245 10 - MENCIÓN DEL TÍTULO | |
| Título | Obras de Dino Buzzati. |
| 260 ## - PUBLICACIÓN, DISTRIBUCIÓN, ETC. | |
| Lugar de publicación, distribución, etc. | Barcelona : |
| Nombre del editor, distribuidor, etc. | Plaza J. Janés, |
| Fecha de publicación, distribución, etc. | 1959 ( |
| Fabricante | Miguza) |
| 300 ## - DESCRIPCIÓN FÍSICA | |
| Extensión | XV, 1372 p. : |
| Otras características físicas | retr. aut. ; |
| Dimensiones | 18 cm. |
| 490 1# - MENCIÓN DE SERIE | |
| Mención de serie | Maestros de hoy |
| 505 8# - NOTA DE CONTENIDO CON FORMATO | |
| Nota de contenido con formato | Contiene: El secreto del bosque viejo / traducción de Antonio Espina. El desierto de los tártaros / traducción de Hellen Ferro. Los siete mensajeros / traducción de Rafael Oliver. Pánico en la "Scala" / traducción de J. Farrán y Mayoral. El perro que ha visto a Dios. En aquel preciso momento / traducción de Domingo Pruna. Cuentos / traducido por Domingo Pruna. Un caso clínico / traducción de Domingo Pruna |
| 700 1# - ENTRADA AGREGADA--NOMBRE PERSONAL | |
| Nombre de persona | Espina, Antonio, |
| Fechas asociadas al nombre | 1894-1972 |
| 9 (RLIN) | 47833 |
| 700 1# - ENTRADA AGREGADA--NOMBRE PERSONAL | |
| Nombre de persona | Ferro, Hellen. |
| 9 (RLIN) | 50593 |
| 700 1# - ENTRADA AGREGADA--NOMBRE PERSONAL | |
| Nombre de persona | Oiver, Rafael. |
| 9 (RLIN) | 86596 |
| 700 1# - ENTRADA AGREGADA--NOMBRE PERSONAL | |
| Nombre de persona | Farrán y Mayoral, J. |
| 9 (RLIN) | 48882 |
| 700 1# - ENTRADA AGREGADA--NOMBRE PERSONAL | |
| Nombre de persona | Pruna, Domingo. |
| 9 (RLIN) | 94081 |
| 740 3# - ENTRADA AGREGADA--TÍTULO RELACIONADO/ANALÍTICO NO CONTROLADO | |
| Título relacionado o analítico no controlado | El secreto del bosque viejo. |
| 740 3# - ENTRADA AGREGADA--TÍTULO RELACIONADO/ANALÍTICO NO CONTROLADO | |
| Título relacionado o analítico no controlado | El desierto de los tártaros. |
| 740 4# - ENTRADA AGREGADA--TÍTULO RELACIONADO/ANALÍTICO NO CONTROLADO | |
| Título relacionado o analítico no controlado | Los siete mensajeros. |
| 740 0# - ENTRADA AGREGADA--TÍTULO RELACIONADO/ANALÍTICO NO CONTROLADO | |
| Título relacionado o analítico no controlado | Pánico en la "Scala" |
| 740 3# - ENTRADA AGREGADA--TÍTULO RELACIONADO/ANALÍTICO NO CONTROLADO | |
| Título relacionado o analítico no controlado | El perro que ha visto a Dios. |
| 740 0# - ENTRADA AGREGADA--TÍTULO RELACIONADO/ANALÍTICO NO CONTROLADO | |
| Título relacionado o analítico no controlado | En aquel preciso momento. |
| 740 0# - ENTRADA AGREGADA--TÍTULO RELACIONADO/ANALÍTICO NO CONTROLADO | |
| Título relacionado o analítico no controlado | Cuentos. |
| 740 3# - ENTRADA AGREGADA--TÍTULO RELACIONADO/ANALÍTICO NO CONTROLADO | |
| Título relacionado o analítico no controlado | Un caso clínico. |
| 830 0# - PUNTO DE ACCESO ADICIONAL DE SERIE-TÍTULO UNIFORME | |
| Título uniforme | Maestros de hoy |
| 9 (RLIN) | 182411 |
| 852 ## - LOCALIZACIÓN | |
| Ubicación | ES-MaACL |
| Número de control de estantería | E-5131 |
| Estatus retirado | Estado de pérdida | Estado de daño | No para préstamo | Biblioteca de origen | Biblioteca actual | Ubicación en estantería | Fecha de adquisición | Fuente de adquisición | Total de préstamos | Signatura topográfica completa | Código de barras | Visto por última vez | Precio de reemplazo | Tipo de ítem Koha |
|---|---|---|---|---|---|---|---|---|---|---|---|---|---|---|
| Biblioteca del Ateneo de Madrid | Biblioteca del Ateneo de Madrid | Depósito 2 | 17/01/2008 | E-5131 | 1039647 | 23/02/2023 | 23/02/2023 | Libro impreso |
